01302nam a2200241 a 450000100060000000300090000600800410001502000150005604000280007108200170009910000430011624501160015926000400027530000080031550503370032359001360066065000160079665000370081265000300084994200120087999900170089195201520090821276CO-ViMGA141112s2004 ck r 000 u spa d a8420550035 aCO-ViMGAbspacCO-ViMGA04a370.78 C173d1 aCardona Moltó, Maria Cristina93032910aDiversidad y educación inclusiva : bEnfoques metodológicos y estrategias para una enseñanza colaborativa aMadrid; Pearson educación, c2006 a264 aDiversidad y diferencias humanas Factores de diferenciación humana 3 - - La respuesta educativa a las diferencias Estrategias didácticas : La individualización y diferenciación del currículo 75 - - Líneas de investigación sobre integración e inclusión Creencias, percepciones y actitudes hacia la inclusión 187  aForma de adquisición : Compra fact. 0858 - - Precio : 40000 - - Proveedor : Temas y libros - - Fecha de adquisición : Mayo 200714aeducación14aInvestigación EDUCATIVA95093814aPEDAGOGIA ESPECIAL930330 2ddccBK c29903d29903 00102ddc40708003aMEVIECARbMEVIECARd2015-12-04hVolumen. 1 | 11/jun/2009l0o370.78 C173d p21276r2018-02-22 00:00:00tEj. 1w2015-12-04yBK